| 000 | 01243nam a2200289Ia 4500 | ||
|---|---|---|---|
| 001 | ebr10286211 | ||
| 003 | CaPaEBR | ||
| 006 | m u | ||
| 007 | cr cn||||||||| | ||
| 008 | 080424s2009 enk sb 001 0 eng d | ||
| 020 | _z9781853396755 | ||
| 040 |
_aCaPaEBR _cCaPaEBR |
||
| 035 | _a(OCoLC)646808827 | ||
| 050 | 1 | 4 |
_aHD2961 _b.F84 2009eb |
| 245 | 0 | 0 |
_aFuelling economic growth _h[electronic resource] : _bthe role of public-private sector research in development / _cedited by Michael Graham and Jean Woo. |
| 260 |
_aWarkwickshire : _bPractical Action Publishing ; _aOttawa : _bInternational Development Research Centre, _c2009. |
||
| 300 | _axiv, 272 p. | ||
| 504 | _aIncludes bibliographical references and index. | ||
| 533 |
_aElectronic reproduction. _bPalo Alto, Calif. : _cebrary, _d2009. _nAvailable via World Wide Web. _nAccess may be limited to ebrary affiliated libraries. |
||
| 650 | 0 | _aEconomic development. | |
| 650 | 0 | _aPublic-private sector cooperation. | |
| 655 | 7 |
_aElectronic books. _2local |
|
| 700 | 1 | _aGraham, Michael. | |
| 700 | 1 | _aWoo, Jean. | |
| 710 | 2 | _aebrary, Inc. | |
| 856 | 4 | 0 |
_uhttp://site.ebrary.com/lib/rucke/Doc?id=10286211 _zAn electronic book accessible through the World Wide Web; click to view |
| 999 |
_c2094 _d2094 |
||